[Event "World Junior Chess Championship U18 b"]
[Site "Gaziantep"]
[Date "2008.08.06"]
[Round "5.27"]
[White "Abdulov, Orkhan"]
[Black "Sjugirov, Sanan"]
[Result "0-1"]
[WhiteElo "2318"]
[BlackElo "2545"]
[PlyCount "46"]
[EventDate "2008.08.??"]
[EventType "swiss"]
[EventRounds "13"]
[EventCountry "TUR"]

1. e4 c5 2. Nf3 d6 3. d4 cxd4 4. Nxd4 Nf6 5. Nc3 a6 6. Be2 e5 7. Nb3 Be7 8. Bg5
Nbd7 9. a4 h6 10. Bh4 b6 11. Bc4 Bb7 12. Qe2 O-O 13. O-O Qc7 14. Rfd1 g5 15.
Bg3 Rfc8 16. Nd2 Nf8 17. Bb3 Ne6 18. Nc4 Nd4 19. Rxd4 exd4 20. e5 Qc6 21. Qf3
dxc3 22. exf6 Bxf6 23. Ne3 Qe4 {... unsolved} 0-1

[Event "World Junior Chess Championship U18 b"]
[Site "Gaziantep"]
[Date "2008.08.06"]
[Round "5.28"]
[White "Nechepurenko, Roman"]
[Black "Neimer, Vitaly"]
[Result "1/2-1/2"]
[WhiteElo "2476"]
[BlackElo "2316"]
[PlyCount "65"]
[EventDate "2008.08.??"]
[EventType "swiss"]
[EventRounds "13"]
[EventCountry "TUR"]

1. d4 Nf6 2. c4 e6 3. Nc3 Bb4 4. Qc2 c5 5. dxc5 O-O 6. a3 Bxc5 7. Nf3 b6 8. Bf4
Bb7 9. e3 Nh5 10. Bg3 f5 11. Rd1 Nc6 12. Be2 Nxg3 13. hxg3 Rf7 14. g4 g6 15.
gxf5 gxf5 16. b4 Bf8 17. e4 Qf6 18. exf5 Ne5 19. Nxe5 Qxe5 20. fxe6 dxe6 21.
Rd3 Bg7 22. Rg3 h6 23. Qg6 Qf6 24. Qxf6 Rxf6 25. Rh4 Rd8 26. c5 Kf8 27. Rhg4
Rf7 28. Nb5 bxc5 29. bxc5 Be5 30. Rg8+ Ke7 31. Rxd8 Bxg3 32. Nd6 Rxf2 33. Nxb7
1/2-1/2

[Event "World Junior Chess Championship U18 b"]
[Site "Gaziantep"]
[Date "2008.08.06"]
[Round "5.29"]
[White "Can, Emre"]
[Black "Martins, Vinicius Tine"]
[Result "1-0"]
[WhiteElo "2460"]
[BlackElo "2292"]
[PlyCount "117"]
[EventDate "2008.08.??"]
[EventType "swiss"]
[EventRounds "13"]
[EventCountry "TUR"]

1. e4 c5 2. Nf3 d6 3. d4 cxd4 4. Nxd4 Nf6 5. Nc3 g6 6. Be3 Bg7 7. f3 O-O 8. Qd2
Nc6 9. O-O-O d5 10. Kb1 Nxd4 11. e5 Nf5 12. exf6 Bxf6 13. Nxd5 Qxd5 14. Qxd5
Nxe3 15. Qd2 Nxd1 16. Qxd1 Be6 17. Be2 b5 18. a3 b4 19. axb4 a5 20. b5 a4 21.
Qc1 a3 22. bxa3 Rfc8 23. c4 Ra4 24. Rd1 Kg7 25. b6 Rca8 26. Ka2 Rb4 27. Rd8
Raa4 28. Qc2 Ra6 29. Rb8 Be5 30. f4 Bd6 31. Qc3+ f6 32. Rb7 Rba4 33. Ra7 Rxa7
34. bxa7 Rxa7 35. Qe3 Rxa3+ 36. Qxa3 Bxa3 37. Kxa3 g5 38. fxg5 fxg5 39. c5 Kf6
40. Kb4 Ke5 41. Kb5 g4 42. Bd3 h6 43. c6 Kd6 44. Kb6 Bc8 45. Be4 Ke5 46. Kc7
Be6 47. Bg6 Bd5 48. Kb6 Kd6 49. c7 Be6 50. Kb7 Ke5 51. c8=Q Bxc8+ 52. Kxc8 Kd4
53. Kd7 e5 54. Ke6 e4 55. Bh5 Ke3 56. Kf5 Kf2 57. Bxg4 Kxg2 58. h4 e3 59. h5
1-0

[Event "World Junior Chess Championship U18 b"]
[Site "Gaziantep"]
[Date "2008.08.06"]
[Round "5.30"]
[White "Yashkin, Oleg"]
[Black "Sengupta, Deep"]
[Result "1/2-1/2"]
[WhiteElo "2307"]
[BlackElo "2454"]
[PlyCount "96"]
[EventDate "2008.08.??"]
[EventType "swiss"]
[EventRounds "13"]
[EventCountry "TUR"]

1. Nf3 d5 2. c4 e6 3. g3 c6 4. Bg2 Bd6 5. d4 dxc4 6. a4 Nf6 7. Nbd2 b5 8. Ne5
Nd5 9. O-O Bb7 10. Ne4 O-O 11. Nxd6 Qxd6 12. e4 Nb4 13. Bf4 Qe7 14. axb5 cxb5
15. d5 f6 16. Nf3 Nd3 17. b3 exd5 18. exd5 Bxd5 19. bxc4 bxc4 20. Ra5 Be4 21.
Qa4 Nc6 22. Qxc4+ Kh8 23. Rh5 Rac8 24. Bd6 Qxd6 25. Qxe4 f5 26. Rxf5 Rxf5 27.
Qxf5 Rf8 28. Qe4 Nc5 29. Qc2 Ne6 30. Qe4 Ncd4 31. Nxd4 Nxd4 32. Rd1 Rd8 33. Kh1
a5 34. Qh4 a4 35. Be4 h6 36. Bb1 Qc6+ 37. Be4 Qd6 38. Bb1 Qc6+ 39. Be4 Qf6 40.
Qxf6 gxf6 41. Rd3 Rd6 42. Ra3 Ra6 43. Bd3 Ra7 44. Kg2 Kg7 45. Kf1 Kf7 46. Ke1
Ke6 47. Kd2 Kd5 48. Bc2 f5 1/2-1/2

[Event "World Junior Chess Championship U18 b"]
[Site "Gaziantep"]
[Date "2008.08.06"]
[Round "5.31"]
[White "Ronchetti, Niccolo"]
[Black "Serenac, Ivan"]
[Result "1-0"]
[WhiteElo "2434"]
[BlackElo "2289"]
[PlyCount "111"]
[EventDate "2008.08.??"]
[EventType "swiss"]
[EventRounds "13"]
[EventCountry "TUR"]

1. e4 e5 2. Nf3 Nc6 3. Bb5 a6 4. Ba4 Nf6 5. O-O Nxe4 6. d4 b5 7. Bb3 d5 8. dxe5
Be6 9. Nbd2 Nc5 10. c3 Be7 11. Bc2 Bg4 12. h3 Bh5 13. Re1 O-O 14. Nb3 Ne6 15.
Bf5 Qd7 16. Nbd4 Ncxd4 17. cxd4 Bg6 18. g4 c5 19. dxc5 Bxc5 20. Qd3 Rfd8 21.
Ng5 Qe8 22. Bd2 Bb6 23. Qg3 Rac8 24. Qh4 h6 25. Nf3 Rc6 26. Rad1 a5 27. Qg3 Nc5
28. Nd4 Rc7 29. Be3 Ne4 30. Qf4 Re7 31. Nf3 Bxe3 32. Rxe3 Nc5 33. Qd4 Ne6 34.
Qb6 Nf4 35. Kh2 a4 36. Nd4 Rb8 37. Qc5 Rbb7 38. Qd6 Rec7 39. e6 Bxf5 40. gxf5
Nh5 41. Qxd5 Kh7 42. Rg1 Qb8 43. Kh1 Qc8 44. Qf3 Nf6 45. Qg3 Ne8 46. Rge1 Rc1
47. Qe5 Nf6 48. Kh2 Rxe1 49. Rxe1 b4 50. Nb5 Qc2 51. Re2 Qc1 52. Nd6 Re7 53.
Nxf7 Qf1 54. Rd2 Nh5 55. Qe2 Qc1 56. Ng5+ 1-0

[Event "World Junior Chess Championship U18 b"]
[Site "Gaziantep"]
[Date "2008.08.06"]
[Round "5.32"]
[White "Vocaturo, Daniele"]
[Black "Sirin, Atakan"]
[Result "1/2-1/2"]
[WhiteElo "2417"]
[BlackElo "2107"]
[PlyCount "106"]
[EventDate "2008.08.??"]
[EventType "swiss"]
[EventRounds "13"]
[EventCountry "TUR"]

1. d4 Nf6 2. Nf3 d5 3. e3 e6 4. Nbd2 Nbd7 5. Bd3 b6 6. O-O Bb7 7. c3 Bd6 8. Qe2
Ne4 9. Ne1 e5 10. f4 Nxd2 11. Bxd2 e4 12. Bc2 a5 13. b3 a4 14. Rc1 Ba6 15. c4
Ba3 16. Rb1 f5 17. Rf2 Nf6 18. h3 c5 19. Bc3 O-O 20. Bd1 dxc4 21. bxc4 Nd5 22.
Ba1 cxd4 23. Bxd4 Bc5 24. Bxc5 bxc5 25. Rc1 Nb6 26. g4 Kh8 27. gxf5 Nxc4 28.
Rg2 Qh4 29. Qf2 Qxh3 30. Be2 Qxe3 31. Rxc4 Qxf2+ 32. Kxf2 Bxc4 33. Bxc4 Rxf5
34. Ke3 Raf8 35. Rg4 h6 36. Kxe4 g5 37. Nd3 R5f6 38. fxg5 Rd6 39. Ke5 Rg6 40.
Nf4 Re8+ 41. Kf5 Rxg5+ 42. Rxg5 hxg5 43. Kxg5 Re4 44. Bd5 Rd4 45. Kf5 Rd2 46.
Ke5 Rc2 47. Nd3 c4 48. Nc5 a3 49. Kd4 Rxa2 50. Kc3 Ra1 51. Bxc4 a2 52. Kb2 Rc1
53. Bxa2 Rxc5 1/2-1/2

[Event "World Junior Chess Championship U18 b"]
[Site "Gaziantep"]
[Date "2008.08.06"]
[Round "5.33"]
[White "Caspi, Israel"]
[Black "Alvarez Ramirez, Miguel Angel"]
[Result "1-0"]
[WhiteElo "2412"]
[BlackElo "2194"]
[PlyCount "121"]
[EventDate "2008.08.??"]
[EventType "swiss"]
[EventRounds "13"]
[EventCountry "TUR"]

1. e4 c5 2. Nf3 d6 3. d4 cxd4 4. Nxd4 Nf6 5. f3 e5 6. Nb3 Be6 7. c4 Qc7 8. Bg5
Be7 9. Nc3 Nbd7 10. Rc1 O-O 11. Qd2 Rfc8 12. Nd5 Qd8 13. Nxe7+ Qxe7 14. Be2 b6
15. O-O Rc6 16. Na1 Rac8 17. b3 a5 18. Nc2 h6 19. Be3 Ne8 20. Na3 Nc7 21. Nb1
Nc5 22. Nc3 N7a6 23. Rfd1 Rd8 24. Qb2 Nb8 25. Nd5 Bxd5 26. cxd5 Rcc8 27. a3 Qd7
28. Rc2 f5 29. Qb1 f4 30. Bf2 Qb7 31. Bb5 Kf8 32. Rdc1 Ncd7 33. b4 axb4 34.
axb4 Ke7 35. Qa2 Rxc2 36. Qxc2 Rf8 37. Kf1 Qa7 38. Qb2 g5 39. Qc3 Qb7 40. Qc7
Qxc7 41. Rxc7 Kd8 42. Rc3 h5 43. Ke2 Rg8 44. h3 Ke7 45. Rc7 Kd8 46. Rc4 Ke7 47.
Kd3 Rf8 48. Kc3 Rh8 49. Kb3 Rf8 50. Ka4 Rg8 51. Rc7 Kd8 52. Ra7 Rg7 53. Bxd7
Nxd7 54. Kb5 g4 55. Bxb6+ Kc8 56. Rc7+ Kd8 57. hxg4 hxg4 58. Ba5 Ke8 59. Kc6
Rh7 60. Rc8+ Ke7 61. Bd8+ 1-0

[Event "World Junior Chess Championship U18 b"]
[Site "Gaziantep"]
[Date "2008.08.06"]
[Round "5.34"]
[White "Rzayev, Bahruz"]
[Black "Karthikeyan, Pandian"]
[Result "1/2-1/2"]
[WhiteElo "2245"]
[BlackElo "2402"]
[PlyCount "33"]
[EventDate "2008.08.??"]
[EventType "swiss"]
[EventRounds "13"]
[EventCountry "TUR"]

1. e4 e5 2. Nf3 Nf6 3. Nxe5 d6 4. Nf3 Nxe4 5. Nc3 Nxc3 6. dxc3 Be7 7. Bf4 Nd7
8. Qd2 Nc5 9. O-O-O O-O 10. h3 Ne6 11. g4 Nxf4 12. Qxf4 Be6 13. Kb1 Qd7 14. Bd3
c5 15. Ng5 Bxg5 16. Qxg5 Qa4 17. b3 1/2-1/2

[Event "World Junior Chess Championship U18 b"]
[Site "Gaziantep"]
[Date "2008.08.06"]
[Round "5.35"]
[White "Constantinou, Peter"]
[Black "Enchev, Ivajlo"]
[Result "1/2-1/2"]
[WhiteElo "2225"]
[BlackElo "2367"]
[PlyCount "80"]
[EventDate "2008.08.??"]
[EventType "swiss"]
[EventRounds "13"]
[EventCountry "TUR"]

1. d4 Nf6 2. Bf4 c5 3. e3 Qb6 4. Na3 d5 5. Nb5 Na6 6. c3 g6 7. dxc5 Qxc5 8. Be5
Qb6 9. Bxf6 Qxf6 10. Qxd5 Bg7 11. Nxa7 O-O 12. Nxc8 Raxc8 13. Bxa6 Qxa6 14. Ne2
Rfd8 15. Qb3 Rd6 16. a4 Rcd8 17. Qb5 Rd2 18. Qxa6 bxa6 19. Rb1 Rc2 20. Nd4 Bxd4
21. cxd4 Rb8 22. b3 Rc3 23. Ke2 Rcxb3 24. Rxb3 Rxb3 25. Rc1 Ra3 26. Rc4 e6 27.
g4 h6 28. h4 Kf8 29. g5 hxg5 30. hxg5 Ke7 31. Kf3 Kd6 32. Kf4 Ra2 33. f3 Ra3
34. Rb4 Kc7 35. e4 a5 36. Rc4+ Kd6 37. Kg4 Ra1 38. Kf4 Ra3 39. e5+ Kd7 40. Ke4
Ra1 1/2-1/2

[Event "World Junior Chess Championship U18 b"]
[Site "Gaziantep"]
[Date "2008.08.06"]
[Round "5.36"]
[White "Pacher, Milan"]
[Black "Aydogdu, Ataman"]
[Result "1-0"]
[WhiteElo "2361"]
[BlackElo "2050"]
[PlyCount "103"]
[EventDate "2008.08.??"]
[EventType "swiss"]
[EventRounds "13"]
[EventCountry "TUR"]

1. e4 c5 2. Nf3 e6 3. d4 cxd4 4. Nxd4 a6 5. Bd3 Nf6 6. O-O Qc7 7. Qe2 d6 8. c4
g6 9. Nc3 Bg7 10. Be3 O-O 11. Rac1 Nc6 12. Rfd1 Nd7 13. Bb1 Rd8 14. Nxc6 Qxc6
15. Bg5 f6 16. Bf4 Bf8 17. a3 Nc5 18. Ba2 e5 19. Be3 Be6 20. f3 a5 21. b4 axb4
22. axb4 Nd7 23. Bb3 Ra3 24. Qb2 Rda8 25. Nb1 Ra1 26. c5 dxc5 27. b5 Qb6 28.
Rxd7 Bh6 29. Bxh6 c4+ 30. Qf2 Qxf2+ 31. Kxf2 Bxd7 32. Rxc4 Be6 33. Rc8+ Rxc8
34. Bxe6+ Kh8 35. Bxc8 Rxb1 36. Bxb7 Rxb5 37. Bd5 Rb2+ 38. Kg3 Rc2 39. h4 Rb2
40. Kh3 Rc2 41. g3 Rc3 42. Kg4 Rd3 43. Bf7 Rd7 44. Bd5 Ra7 45. h5 Rc7 46. Bf8
gxh5+ 47. Kxh5 Rc3 48. Kh6 Rc7 49. g4 Ra7 50. Be6 Rc7 51. g5 fxg5 52. Bd6 1-0

[Event "World Junior Chess Championship U18 b"]
[Site "Gaziantep"]
[Date "2008.08.06"]
[Round "5.37"]
[White "Hughes, Tyler B"]
[Black "Dragicevic, Drazen"]
[Result "1/2-1/2"]
[WhiteElo "2161"]
[BlackElo "2302"]
[PlyCount "48"]
[EventDate "2008.08.??"]
[EventType "swiss"]
[EventRounds "13"]
[EventCountry "TUR"]

1. d4 Nf6 2. c4 g6 3. Nc3 d5 4. cxd5 Nxd5 5. e4 Nxc3 6. bxc3 Bg7 7. Qa4+ Nd7 8.
Nf3 O-O 9. Be3 c5 10. Rc1 Nb6 11. Qd1 Qc7 12. Bd3 Rd8 13. h3 e5 14. O-O Be6 15.
Qe2 Qd6 16. Bg5 f6 17. Be3 Rac8 18. Rfd1 cxd4 19. cxd4 Rxc1 20. Rxc1 exd4 21.
Nxd4 Bf7 22. f4 Qa3 23. Rc2 Bf8 24. Kh1 Qd6 1/2-1/2

[Event "World Junior Chess Championship U18 b"]
[Site "Gaziantep"]
[Date "2008.08.06"]
[Round "5.38"]
[White "Durarbeyli, Vasif"]
[Black "Nukin, Askhat"]
[Result "1-0"]
[WhiteElo "2413"]
[BlackElo "2244"]
[PlyCount "159"]
[EventDate "2008.08.??"]
[EventType "swiss"]
[EventRounds "13"]
[EventCountry "TUR"]

1. e4 e5 2. Nf3 Nc6 3. Bb5 a6 4. Ba4 Nf6 5. d3 b5 6. Bb3 Be7 7. O-O O-O 8. Re1
d6 9. c3 Na5 10. Bc2 c5 11. Nbd2 Re8 12. Nf1 Bf8 13. d4 Bg4 14. d5 c4 15. h3
Bd7 16. g4 g6 17. Ng3 h6 18. Be3 Kh7 19. Qd2 Nb7 20. Kh2 Ng8 21. Rg1 Qc8 22.
Raf1 Nd8 23. Nh4 f6 24. f4 Nf7 25. f5 g5 26. Nf3 a5 27. Kg2 Rb8 28. Qe2 b4 29.
Bc1 bxc3 30. bxc3 Qc5 31. Rh1 Rb7 32. h4 Reb8 33. Nh5 Kh8 34. Kg3 gxh4+ 35.
Nxh4 Kh7 36. Ng6 Bg7 37. Rh2 Be8 38. Rfh1 Ng5 39. Qf1 Rb2 40. Qe1 Bxg6 41.
fxg6+ Kxg6 42. Bxb2 Rxb2 43. Ba4 Rb1 44. Qe2 Rg1+ 45. Kh4 Ne7 46. Bd7 Kf7 47.
Bf5 Bf8 48. Ng3 Kg7 49. Rxg1 Qxg1 50. Rh1 Qb6 51. Rf1 Qb5 52. Nh5+ Kh8 53. Nxf6
Nxf5+ 54. Rxf5 Be7 55. Kg3 Qb1 56. Kg2 Bxf6 57. Rxf6 Qxe4+ 58. Qxe4 Nxe4 59.
Rxh6+ Kg7 60. Re6 Nxc3 61. Rxd6 Nxa2 62. Rc6 Nb4 63. Rxc4 Nxd5 64. Rc5 Nf4+ 65.
Kf3 Kf6 66. Rxa5 Ne6 67. Ra8 Ng5+ 68. Ke3 Nf7 69. Kf3 Kg5 70. Kg3 Nh6 71. Re8
Nf7 72. Re6 Nh6 73. Rxe5+ Kg6 74. Re6+ Kg7 75. Kf4 Nf7 76. Re7 Kf6 77. Rxf7+
Kxf7 78. Kf5 Kg8 79. Kg6 Kh8 80. g5 1-0

[Event "World Junior Chess Championship U18 b"]
[Site "Gaziantep"]
[Date "2008.08.06"]
[Round "5.39"]
[White "Anton, Teodor"]
[Black "Niemi, Mikko"]
[Result "1-0"]
[WhiteElo "2353"]
[BlackElo "2214"]
[PlyCount "47"]
[EventDate "2008.08.??"]
[EventType "swiss"]
[EventRounds "13"]
[EventCountry "TUR"]

1. d4 d6 2. Nf3 f5 3. g3 g6 4. Bg2 Nf6 5. c4 Bg7 6. O-O O-O 7. Nc3 Qe8 8. d5
Na6 9. Nd4 Bd7 10. Rb1 c6 11. b3 Nc7 12. Ba3 cxd5 13. cxd5 Rc8 14. Rc1 b5 15.
Nc6 Bxc6 16. dxc6 Qf7 17. Qd3 a6 18. Rfd1 Rfd8 19. Qe3 Ng4 20. Qa7 d5 21. Nxd5
Nxd5 22. Bxd5 Rxd5 23. Rxd5 Qxd5 24. Qd7 1-0

[Event "World Junior Chess Championship U18 b"]
[Site "Gaziantep"]
[Date "2008.08.06"]
[Round "5.40"]
[White "Kjartansson, Gudmundur"]
[Black "Acarbay, Aydin"]
[Result "1-0"]
[WhiteElo "2328"]
[BlackElo "1825"]
[PlyCount "87"]
[EventDate "2008.08.??"]
[EventType "swiss"]
[EventRounds "13"]
[EventCountry "TUR"]

1. e4 c5 2. c3 Nf6 3. e5 Nd5 4. d4 cxd4 5. Nf3 e6 6. cxd4 d6 7. Bc4 Nc6 8. O-O
Be7 9. exd6 Qxd6 10. Nc3 a6 11. Qe2 O-O 12. Rd1 Bf6 13. Ne4 Qe7 14. Nxf6+ Qxf6
15. Bg5 Qg6 16. Bd3 Qh5 17. Qe4 f5 18. Qe2 Bd7 19. Be3 Rae8 20. Rac1 Qf7 21.
Bc4 f4 22. Bd2 Qh5 23. Re1 Re7 24. Qf1 Be8 25. Rcd1 Rf6 26. Bc1 Bg6 27. Ne5 Bc2
28. Rd2 Rh6 29. h3 Bf5 30. Be2 Qh4 31. Nf3 Qf6 32. Bd3 Rd7 33. b3 Rg6 34. Kh1
Ndb4 35. Bxf5 Qxf5 36. Nh4 Qh5 37. Nxg6 hxg6 38. Qe2 Qxe2 39. Rexe2 Nxd4 40.
Rxe6 Nxe6 41. Rxd7 Nxa2 42. Bb2 Nc5 43. Rxg7+ Kf8 44. Rxg6 1-0

[Event "World Junior Chess Championship U18 b"]
[Site "Gaziantep"]
[Date "2008.08.06"]
[Round "5.41"]
[White "Mijovic, Stefan"]
[Black "Ertan, Can"]
[Result "1-0"]
[WhiteElo "2289"]
[BlackElo "2149"]
[PlyCount "123"]
[EventDate "2008.08.??"]
[EventType "swiss"]
[EventRounds "13"]
[EventCountry "TUR"]

1. e4 e5 2. Nf3 Nc6 3. Nc3 Nf6 4. Bb5 Nd4 5. Bc4 Bc5 6. Nxe5 O-O 7. O-O d6 8.
Nf3 Bg4 9. Be2 Nxe2+ 10. Qxe2 Re8 11. d3 d5 12. Bg5 c6 13. h3 Bh5 14. g4 Bg6
15. e5 h6 16. Bh4 Qc8 17. Qd2 Nd7 18. Bg3 Nb6 19. Ne2 Qd7 20. Nf4 Bh7 21. c3 d4
22. c4 a5 23. a3 Qe7 24. Rae1 Na4 25. Kg2 b5 26. cxb5 cxb5 27. e6 Qb7 28. exf7+
Qxf7 29. Ne5 Qb3 30. Re2 Bd6 31. Rfe1 Qxb2 32. Qxb2 Nxb2 33. Rxb2 Rxe5 34. Rxe5
Bxe5 35. Rxb5 Bxf4 36. Bxf4 Bxd3 37. Re5 Bg6 38. Re7 Rd8 39. Bd2 a4 40. f4 Bf7
41. f5 Bc4 42. Kf2 Bd3 43. Bb4 h5 44. Kg3 Bf1 45. Re1 Bd3 46. Kf4 Rd5 47. Re8+
Kh7 48. Rf8 g6 49. f6 hxg4 50. Rf7+ Kh8 51. hxg4 g5+ 52. Kf3 Bg6 53. Rg7 d3 54.
Rxg6 d2 55. Bxd2 Rxd2 56. Rxg5 Rd1 57. Ke4 Rf1 58. Ke5 Re1+ 59. Kd6 Rf1 60. Ke7
Rf3 61. Kf7 Rh3 62. Rh5+ 1-0

[Event "World Junior Chess Championship U18 b"]
[Site "Gaziantep"]
[Date "2008.08.06"]
[Round "5.43"]
[White "Vural, Ozge"]
[Black "Vishnu, Prasanna Vasanthan"]
[Result "0-1"]
[WhiteElo "1853"]
[BlackElo "2341"]
[PlyCount "74"]
[EventDate "2008.08.??"]
[EventType "swiss"]
[EventRounds "13"]
[EventCountry "TUR"]

1. e4 c5 2. Nf3 d6 3. d4 cxd4 4. Nxd4 Nf6 5. Nc3 a6 6. Bg5 e6 7. f4 Qc7 8. Qf3
Nbd7 9. O-O-O b5 10. e5 Bb7 11. Qh3 dxe5 12. Nxe6 Qc6 13. Nxf8 Nxf8 14. fxe5
N6d7 15. Rd6 Qc5 16. Bxb5 axb5 17. Rhd1 Qxe5 18. Bh4 f5 19. Kb1 b4 20. Re1 Be4
21. Rd5 bxc3 22. Rxe5+ Nxe5 23. Qxc3 Nfg6 24. Qc7 O-O 25. Qd6 Nxh4 26. Qxe5
Nxg2 27. Rg1 Rae8 28. Qc3 f4 29. Qc4+ Kh8 30. Qd4 f3 31. Qf2 Bg6 32. Rf1 h6 33.
a4 Re2 34. Qc5 Bxc2+ 35. Kc1 Rf6 36. Qc8+ Kh7 37. Qg4 Be4 0-1

[Event "World Junior Chess Championship U18 b"]
[Site "Gaziantep"]
[Date "2008.08.06"]
[Round "5.44"]
[White "Grover, Sahaj"]
[Black "Kobayashi, Atsuhiko"]
[Result "1-0"]
[WhiteElo "2306"]
[BlackElo "1936"]
[PlyCount "61"]
[EventDate "2008.08.??"]
[EventType "swiss"]
[EventRounds "13"]
[EventCountry "TUR"]

1. e4 e5 2. Nf3 Nc6 3. Bb5 a6 4. Ba4 Nf6 5. O-O b5 6. Bb3 Bc5 7. c3 d6 8. d4
Bb6 9. a4 Rb8 10. a5 Ba7 11. h3 O-O 12. Be3 Re8 13. dxe5 Bxe3 14. exf6 Ba7 15.
fxg7 Qf6 16. Nbd2 Qxg7 17. Kh1 Ne7 18. Nh4 Qh6 19. Ndf3 Bb7 20. Qd2 Qg7 21.
Rae1 Rbd8 22. Nd4 Bc8 23. Re3 Qf6 24. Rg3+ Kh8 25. Rg5 Rg8 26. Rh5 c5 27. Ndf3
c4 28. Bc2 Rg7 29. e5 Qe6 30. Bxh7 Rxh7 31. Rxh7+ 1-0

[Event "World Junior Chess Championship U18 b"]
[Site "Gaziantep"]
[Date "2008.08.06"]
[Round "5.45"]
[White "Plenca, Julijan"]
[Black "Gurcan, Eray"]
[Result "1-0"]
[WhiteElo "2295"]
[BlackElo "1955"]
[PlyCount "77"]
[EventDate "2008.08.??"]
[EventType "swiss"]
[EventRounds "13"]
[EventCountry "TUR"]

1. e4 c5 2. Nf3 d6 3. c3 Nf6 4. Be2 g6 5. O-O Bg7 6. Bb5+ Bd7 7. Bxd7+ Qxd7 8.
Re1 Nc6 9. d4 cxd4 10. cxd4 d5 11. e5 Ne4 12. Nbd2 Nxd2 13. Bxd2 O-O 14. a4
Rfc8 15. b4 Nd8 16. b5 Rc4 17. Be3 Qf5 18. Nd2 Rc3 19. Nb3 Rac8 20. a5 Ne6 21.
Nc1 h5 22. Ra2 Qb1 23. Rae2 Qxb5 24. f4 Qb1 25. f5 Qxf5 26. Na2 Ra3 27. Rf1 Qg4
28. h3 Qe4 29. Bf2 Qd3 30. Qxd3 Rxd3 31. Nb4 Nxd4 32. Rb2 Nb5 33. Nxd3 a6 34.
Bh4 Rc3 35. Rd1 e6 36. Bf6 Bh6 37. Ne1 Be3+ 38. Kh1 d4 39. Rc2 1-0

[Event "World Junior Chess Championship U18 b"]
[Site "Gaziantep"]
[Date "2008.08.06"]
[Round "5.46"]
[White "Vavric, Pavel"]
[Black "Ramsurrup, Pratish"]
[Result "1-0"]
[WhiteElo "2218"]
[BlackElo "1809"]
[PlyCount "83"]
[EventDate "2008.08.??"]
[EventType "swiss"]
[EventRounds "13"]
[EventCountry "TUR"]

1. e4 c5 2. Nf3 d6 3. c3 Nf6 4. Be2 Nc6 5. d3 Bg4 6. h3 Bh5 7. O-O e6 8. Nbd2
Be7 9. Nc4 d5 10. exd5 Nxd5 11. g4 Bg6 12. Nfe5 Nxe5 13. Nxe5 O-O 14. c4 Nb4
15. Qb3 Bd6 16. Nxg6 fxg6 17. Be3 Rf7 18. d4 cxd4 19. Bxd4 Nc6 20. Be3 Qh4 21.
c5 Bc7 22. Kg2 Raf8 23. Rad1 Kh8 24. Rd2 Ne5 25. f4 Nc6 26. Qxb7 Na5 27. Qe4 g5
28. Rf3 gxf4 29. Bf2 Qf6 30. b4 Nc6 31. Qxc6 e5 32. Qxf6 gxf6 33. Bd3 Rd7 34.
Re2 Rfd8 35. Bf5 Rg7 36. Rd3 Rb8 37. a3 a5 38. Be1 h5 39. Kf3 hxg4+ 40. hxg4
axb4 41. axb4 Kg8 42. Red2 1-0

[Event "World Junior Chess Championship U18 b"]
[Site "Gaziantep"]
[Date "2008.08.07"]
[Round "6.1"]
[White "Le Quang, Liem"]
[Black "Li, Chao B"]
[Result "0-1"]
[WhiteElo "2577"]
[BlackElo "2590"]
[PlyCount "120"]
[EventDate "2008.08.??"]
[EventType "swiss"]
[EventRounds "13"]
[EventCountry "TUR"]

1. d4 Nf6 2. Nf3 g6 3. c4 Bg7 4. Nc3 d5 5. Bg5 dxc4 6. e3 Be6 7. Be2 c6 8. Nd2
Nd5 9. O-O c5 10. Bxc4 cxd4 11. Nxd5 Bxd5 12. Qb3 Bxc4 13. Nxc4 Nc6 14. Qxb7
Qc8 15. Qxc8+ Rxc8 16. Rac1 h6 17. Bf4 g5 18. Bg3 O-O 19. a3 f5 20. Rfd1 Rfd8
21. b3 e5 22. h3 f4 23. exf4 exf4 24. Bh2 Ne7 25. g3 Nd5 26. gxf4 Nc3 27. Rd2
gxf4 28. Kg2 Ne4 29. Re2 Nc5 30. Nd2 Nd3 31. Rxc8 Rxc8 32. Kf3 Rc3 33. Re8+ Kf7
34. Ra8 Be5 35. Ke4 Bf6 36. Rxa7+ Kg6 37. f3 Nf2+ 38. Kd5 Rc2 39. Nc4 Nxh3 40.
Ra6 d3 41. Bxf4 Nxf4+ 42. Ke4 d2 43. Nxd2 Rxd2 44. Kxf4 h5 45. Rc6 h4 46. Kg4
Rg2+ 47. Kh3 Rg3+ 48. Kh2 Rxf3 49. Rc1 Rxb3 50. a4 Ra3 51. Rb1 Be5+ 52. Kh1 Kf5
53. a5 Kg4 54. a6 Rxa6 55. Rg1+ Bg3 56. Rf1 Ra2 57. Kg1 Kh3 58. Kh1 Rh2+ 59.
Kg1 Rg2+ 60. Kh1 Bf2 0-1

[Event "World Junior Chess Championship U18 b"]
[Site "Gaziantep"]
[Date "2008.08.07"]
[Round "6.2"]
[White "Hou, Yifan"]
[Black "Howell, David"]
[Result "1/2-1/2"]
[WhiteElo "2557"]
[BlackElo "2561"]
[PlyCount "121"]
[EventDate "2008.08.??"]
[EventType "swiss"]
[EventRounds "13"]
[EventCountry "TUR"]

1. e4 e5 2. Nf3 Nc6 3. Bb5 a6 4. Ba4 Nf6 5. O-O Be7 6. Re1 b5 7. Bb3 d6 8. c3
O-O 9. h3 Na5 10. Bc2 d5 11. d4 Nxe4 12. Nxe5 Bd6 13. Nd2 f5 14. Ndf3 Nc4 15.
a4 Bb7 16. axb5 axb5 17. Rxa8 Bxa8 18. Qe2 c5 19. Nd3 cxd4 20. Nxd4 Qb8 21. Qf3
Ne5 22. Nxe5 Bxe5 23. Nxf5 Kh8 24. Bxe4 dxe4 25. Qg4 b4 26. Bd2 Bb7 27. Ng3
Bxg3 28. fxg3 Qe5 29. Bf4 Qf6 30. Qd7 Bc6 31. Qc7 bxc3 32. Be5 Qf7 33. Qxf7
Rxf7 34. bxc3 h6 35. c4 Re7 36. Bd4 Rd7 37. Be5 Rd2 38. c5 Kg8 39. Bf4 Rc2 40.
Be3 Rc3 41. g4 Kf7 42. Kf2 Ke6 43. Re2 Ba4 44. Bd4 e3+ 45. Kg3 Rd3 46. Bxg7 Bd1
47. Re1 e2+ 48. Kf2 Rd5 49. Bxh6 Rxc5 50. Bf4 Kd5 51. h4 Ke4 52. g3 Rc3 53. h5
Rf3+ 54. Kg2 Rf1 55. Bd2 Kd3 56. Bb4 Ke3 57. g5 Rf2+ 58. Kh3 Rf1 59. Kg2 Rf2+
60. Kh3 Rf1 61. Kg2 1/2-1/2

[Event "World Junior Chess Championship U18 b"]
[Site "Gaziantep"]
[Date "2008.08.07"]
[Round "6.3"]
[White "Safarli, Eltaj"]
[Black "Popov, Ivan"]
[Result "1/2-1/2"]
[WhiteElo "2527"]
[BlackElo "2549"]
[PlyCount "75"]
[EventDate "2008.08.??"]
[EventType "swiss"]
[EventRounds "13"]
[EventCountry "TUR"]

1. e4 c5 2. Nf3 e6 3. Nc3 Nc6 4. d4 cxd4 5. Nxd4 a6 6. g3 Nge7 7. Nb3 Na5 8.
Nxa5 Qxa5 9. Bg2 Nc6 10. O-O Be7 11. f4 d6 12. Kh1 O-O 13. g4 b5 14. f5 Qd8 15.
e5 Bb7 16. f6 gxf6 17. exf6 Bxf6 18. Ne4 Be5 19. Bf4 f6 20. Nxd6 Qxd6 21. Qxd6
Bxd6 22. Bxd6 Rf7 23. Rad1 Na5 24. Bxb7 Nxb7 25. Bb4 Rd8 26. Rxd8+ Nxd8 27. Bc3
e5 28. Rd1 Nb7 29. g5 fxg5 30. Bxe5 Kf8 31. Kg2 Ke7 32. Bc3 Rf5 33. Rd3 h5 34.
Bb4+ Ke6 35. Ra3 Nc5 36. Ra5 Kd7 37. Kg1 Kc7 38. Ra3 1/2-1/2

[Event "World Junior Chess Championship U18 b"]
[Site "Gaziantep"]
[Date "2008.08.07"]
[Round "6.4"]
[White "Stupak, Kirill"]
[Black "Braun, Arik"]
[Result "0-1"]
[WhiteElo "2458"]
[BlackElo "2533"]
[PlyCount "86"]
[EventDate "2008.08.??"]
[EventType "swiss"]
[EventRounds "13"]
[EventCountry "TUR"]

1. d4 d5 2. Nf3 Nf6 3. c4 c6 4. Nc3 e6 5. g3 Nbd7 6. Bg2 dxc4 7. a4 a5 8. O-O
Bb4 9. Bg5 h6 10. Bd2 O-O 11. Na2 Bxd2 12. Nxd2 Nb6 13. e3 e5 14. dxe5 Ng4 15.
Nf3 Qxd1 16. Rfxd1 Re8 17. Nc3 Bf5 18. e4 Bh7 19. b3 Nxe5 20. Nxe5 Rxe5 21.
Rab1 Re7 22. Rd4 Rd7 23. Rxd7 Nxd7 24. bxc4 Nc5 25. Rd1 Kf8 26. f4 Ke7 27. Kf2
f6 28. Ke3 Bg8 29. Bf1 Be6 30. Be2 g5 31. fxg5 fxg5 32. e5 Rf8 33. Rf1 Rxf1 34.
Bxf1 Bf5 35. Ne2 Bd3 36. Kd4 b6 37. h4 Kf7 38. hxg5 hxg5 39. Kc3 Kf8 40. Kd4
Ke7 41. g4 Bxe2 42. Bxe2 Nxa4 43. Bf3 Kd7 0-1